01016nac a22002897a 4500001001000000003000900010005001700019008003400036040005400070072000800124090001900132100002000151100001800171100002200189110005800211245010100269260004000370300000900410490004000419650001400459650001200473650001200485909004700497942001700544999001900561952014600580BR7704574BR-BrBNA20240105114129.0230509b bl.|||m| |||| 00| 0 por d aBR-BrBNAbporcBiblioteca Nacional de Agricultura aK50 a3240 BR77045741 aFoelkel, C.E.B.1 aHurtado, J.M.1 aZvinakevicius, C.1 aCelulose Nipo-Brasileira S.A., Belo Oriente, MG913541 aVariacao no teor de umidade de toras de Eucalyptus paniculata expostas ao tempo [analise fisica]3 aBelo Oriente, MG (Brasil): c1977.  a3 p. aCENIBRA Pesquisa (Brazil)vno. 21x aEUCALIPTO aMADEIRA aUMIDADE a202312bLúcia Elandec55dLúcia Elande 2AGRISn0cMS c267558d267558 002AGRIS40708Acervo Gerala41918b41918cAGROBASEl0o3240 BR7704574p3240 BR7704574r2023-12-18yMSePortaria Interministerial nº 164/94